Presidentes de Chile - Estadísticas

Estadísticas generales
  • Esta prueba ha sido intentada 371 veces
    311 desde el último reinicio
  • La puntuación promedio es 27 de 39
Estadísticas de respuestas
Año Presidente % Correcto
2010 - 2014 Sebastián Piñera
98%
2018 - 2022 Sebastián Piñera
98%
2006 - 2010 Michelle Bachelet
96%
2014 - 2018 Michelle Bachelet
96%
1970 - 1973 Salvador Allende
96%
1974 - 1981 Augusto Pinochet
95%
2022-2026 Gabriel Boric
92%
1964 - 1970 Eduardo Frei
91%
1994 - 2000 Eduardo Frei
91%
2000 - 2006 Ricardo Lagos
91%
1958 - 1964 Jorge Alessandri
85%
1920 - 1924 Arturo Alessandri
84%
1925 Arturo Alessandri
84%
1932 - 1938 Arturo Alessandri
84%
1990 - 1994 Patricio Aylwin
84%
1938 - 1941 Pedro Aguirre Cerda
81%
1927 - 1931 Carlos Ibáñez del Campo
79%
1952 - 1958 Carlos Ibáñez del Campo
79%
1826 Manuel Blanco Encalada
74%
1851 - 1861 Manuel Montt
74%
1906 - 1910 Pedro Montt Montt
69%
1886 - 1891 José Manuel Balmaceda
68%
1891 - 1896 Jorge Montt
63%
1831 - 1841 José Joaquín Prieto
59%
1946 - 1952 Gabriel González Videla
58%
1942 - 1946 Juan Antonio Ríos
55%
1910 - 1915 Ramon Barros Luco
55%
1841 - 1851 Manuel Bulnes
52%
1876 - 1881 Aníbal Pinto
49%
1861 - 1871 José Joaquín Pérez
47%
1827 Ramón Freire
47%
1871 - 1876 Federico Errázuriz
46%
1896 - 1901 Federico Errázuriz
46%
1901 - 1906 Germán Riesco Errázuriz
45%
1881 - 1886 Domingo Santa María Gonzalez
41%
1829 Francisco Antonio Pinto
39%
1931 - 1932 Juan Esteban Montero
36%
1915 - 1920 Juan Luis Sanfuentes
33%
1925 - 1927 Emiliano Figueroa
31%
No se encontraron pruebas coincidentes
Distribución de puntuación
Porcentaje de gente con cada puntuación
Porcentaje por número respondido
Historial de tus puntuaciones
No has intentado esta prueba desde el último reinicio